000
00309nam a22001337a 4500
003
SGT
082
_a
340,ICR
100
_a
ICRC
245
_a
PREVENTING AND REPRESSING INTERNATIONAL CRIMES
260
_a
NEW DELHI
_b
ICRC
_c
2014
300
_a
108
650
_a
REPRESSING INTERNATIONAL CRIMES
942
_2
ddc
_c
BK
999
_c
11048
_d
11048